[Event "MTN-ch"]
[Site "Nouakchott"]
[Date "2015.12.23"]
[Round "5"]
[White "Dieh, Mohamed"]
[Black "Yahi, Mohamed Salem"]
[Result "1-0"]
[WhiteElo "1894"]
[BlackElo "1867"]
[PlyCount "71"]
[EventDate "2015.12.19"]
[EventType "swiss"]
[EventRounds "9"]
[EventCountry "MAU"]
[SourceTitle "EXT 2018"]
[Source "ChessBase"]
[SourceDate "2017.10.13"]
[SourceVersion "1"]
[SourceVersionDate "2017.10.13"]
[SourceQuality "1"]

1. e4 d6 2. Nf3 Nf6 3. Nc3 g6 4. Bc4 Bg7 5. 0-0 Nc6 6. a3 Bg4 7. h3 Bxf3 8. Qxf3 Ne5 9. Qe2 Nxc4 10. Qxc4 0-0 11. Qe2 e5 12. d3 c6 13. Bg5 Qc7 14. Qd2 Rae8 15. f4 exf4 16. Bxf4 Nh5 17. Be3 f5 18. Rab1 Qe7 19. Rf3 fxe4 20. Rxf8+ Bxf8 21. Nxe4 d5 22. Bc5 Qe5 23. Bxf8 dxe4 24. Bb4 e3 25. Qc3 Qg3 26. Qc4+ Kg7 27. Rf1 Qc7 28. Qd4+ Kh6 29. Bf8+ Rxf8 30. Rxf8 Qg3 31. Qg4 Qe1+ 32. Rf1 Qa5 33. Qe2 Qg5 34. Qf3 Qc5 35. Qf8+ Qxf8 36. Rxf8 1-0

[Event "MTN-ch"]
[Site "Nouakchott"]
[Date "2015.12.22"]
[Round "4"]
[White "Yahi, Mohamed Salem"]
[Black "Ahmed El Bechir, Mohamedou"]
[Result "0-1"]
[WhiteElo "1867"]
[BlackElo "1810"]
[PlyCount "96"]
[EventDate "2015.12.19"]
[EventType "swiss"]
[EventRounds "9"]
[EventCountry "MAU"]
[SourceTitle "EXT 2018"]
[Source "ChessBase"]
[SourceDate "2017.10.13"]
[SourceVersion "1"]
[SourceVersionDate "2017.10.13"]
[SourceQuality "1"]

1. e4 e5 2. Nf3 Nc6 3. Bc4 Nf6 4. d4 exd4 5. e5 Ne4 6. 0-0 Be7 7. Re1 d5 8. exd6 Nxd6 9. Bb3 Bg4 10. Bg5 0-0 11. Bxe7 Nxe7 12. Qxd4 Bxf3 13. gxf3 Nef5 14. Qg4 Qf6 15. c3 Nh4 16. Nd2 Ndf5 17. Kh1 Nh6 18. Qg3 Rad8 19. Re2 Rd6 20. Bc2 N6f5 21. Qh3 Qd8 22. Nc4 Re6 23. Ne3 Nxe3 24. fxe3 Rh6 25. Rg1 Qf6 26. Rf2 Ng6 27. Qg3 Qb6 28. f4 Qf6 29. Rfg2 Kh8 30. f5 Nh4 31. Qxg7+ Qxg7 32. Rxg7 Nf3 33. R1g2 Ne1 34. Bb3 Nxg2 35. Rxg2 Rh3 36. Rg3 Rxg3 37. hxg3 Kg7 38. Kg2 Rd8 39. Kf3 Rd2 40. e4 f6 41. g4 h6 42. Kf4 Rxb2 43. e5 fxe5+ 44. Kxe5 Re2+ 45. Kf4 Kf6 46. Bg8 Rc2 47. Kg3 a5 48. Bh7 a4 0-1

[Event "MAU-ch"]
[Site "Nouadhibou"]
[Date "2014.01.02"]
[Round "10"]
[White "Sidi, Mbareck Mohamed"]
[Black "Yahi, Mohamed Salem"]
[Result "1/2-1/2"]
[WhiteElo "1938"]
[BlackElo "1880"]
[PlyCount "186"]
[EventDate "2013.12.28"]
[EventType "swiss"]
[EventRounds "11"]
[EventCountry "MAU"]
[SourceTitle "CBM 158 Extra"]
[Source "ChessBase"]
[SourceDate "2014.02.28"]
[SourceVersion "1"]
[SourceVersionDate "2014.02.28"]
[SourceQuality "1"]

1. Nf3 d6 2. g3 e5 3. d3 Nf6 4. Bg2 g6 5. 0-0 Bg7 6. c4 0-0 7. Nc3 Nc6 8. Bg5 h6 9. Bxf6 Bxf6 10. Nd2 Bg7 11. Rb1 Nd4 12. e3 Ne6 13. b4 Ng5 14. h4 Ne6 15. Nf3 f5 16. Rc1 c6 17. a4 f4 18. exf4 exf4 19. Ne4 fxg3 20. fxg3 Qb6+ 21. c5 dxc5 22. bxc5 Qc7 23. d4 Rd8 24. Nd6 b6 25. Nxc8 Nxd4 26. Nxd4 Bxd4+ 27. Kh1 Qxg3 28. Ne7+ Kg7 29. Qe1 Qg4 30. Qe4 Qxe4 31. Bxe4 Bxc5 32. Nxc6 Rd6 33. Rcd1 Rxd1 34. Rxd1 Re8 35. Bf3 a5 36. Rd5 Re1+ 37. Kg2 Rg1+ 38. Kh2 Ra1 39. Bd1 Kf6 40. Kh3 Ra3+ 41. Kg2 Ra2+ 42. Kh3 Ke6 43. Rd3 Kf5 44. Nb8 g5 45. hxg5 hxg5 46. Nd7 Bg1 47. Rf3+ Ke4 48. Nf6+ Kd4 49. Ng4 Ke4 50. Rf1 Ra3+ 51. Kg2 Bc5 52. Nf6+ Kd3 53. Rf3+ Kd2 54. Rxa3 Bxa3 55. Bh5 Bc5 56. Ne4+ Ke3 57. Nxg5 Bd4 58. Ne6 Bc5 59. Be8 Bb4 60. Bc6 Bc5 61. Kg3 Bd6+ 62. Kg4 Bh2 63. Kf5 Bg3 64. Kf6 Kd3 65. Ke7 Kc4 66. Kd7 Bf2 67. Kc7 Bc5 68. Nf4 Be3 69. Nd5 Bd2 70. Nxb6+ Kc5 71. Kb7 Bg5 72. Nd7+ Kd4 73. Ka6 Bd8 74. Kb5 Bc7 75. Nb6 Bg3 76. Kxa5 Bc7 77. Kb5 Kd3 78. a5 Kd4 79. a6 Bb8 80. Nd7 Ba7 81. Bb7 Kc3 82. Kc6 Kb4 83. Nb6 Ka5 84. Nc4+ Kb4 85. Nd6 Ka5 86. Nb5 Bb8 87. a7 Bxa7 88. Nxa7 Kb4 89. Ba6 Kb3 90. Kc5 Kc3 91. Bc4 Kc2 92. Kd4 Kd1 93. Nb5 Kc2 1/2-1/2